Statystyki dla Flagi powiatów województwa opolskiego

Kliknij tutaj aby rozwiązać quiz!

Ogólne statystyki

  • Ten quiz został rozwiązany 45 razy
  • Średni wynik to 7 z 10

Statystyki odpowiedzi

Odpowiedź% Poprawnych
Opole
83%
kędzierzyńsko-kozielski
76%
opolski
76%
brzeski
69%
kluczborski
67%
nyski
64%
prudnicki
64%
namysłowski
60%
strzelecki
60%
oleski
57%

Rozkład punktacji

Percentyl według liczby udzielonych odpowiedzi

Procent ludzi z każdym wynikiem

Twoja historia wyników

Nie rozwiązałeś tego quizu